Seguimiento preventivo : (Registro nro. 19165)
[ vista simple ]
| 000 -CABECERA | |
|---|---|
| Campo de control | 01302cam a2200265 a 4500 |
| 005 - FECHA Y HORA DE LA ULTIMA TRANSACCION | |
| Campo de control | 20161212121817.0 |
| 008 - ELEMENTOS DE LONGITUD FIJA—INFORMACION GENERAL | |
| Campo de control | 160116e201512 ck a b f000 0 spa |
| 040 ## - FUENTE DE CATALOGACIÓN | |
| Agencia catalogadora original | DLC |
| Agencia transcriptora | DLC |
| Agencia Modificadora | CO-BoIAVH |
| 041 0# - IDIOMA | |
| Código de idioma para texto/pista de sonido o título separado | Español |
| 044 ## - PAÍS DE PUBLICACIÓN | |
| País de publicación | Colombia |
| 082 04 - NUMERO DE CLASIFICACION DECIMAL DEWEY | |
| Número de clasificación | 363.7 |
| Número del ítem | S45p |
| 245 00 - MENCION DE TITULO | |
| Título | Seguimiento preventivo : |
| Parte restante del título | entidades SINA, con injerencia en el humedal Ramsar - Laguna de la Cocha / |
| Mención de responsabilidad | Procuraduría General de la Nación Delegada para Asuntos Ambientales y Agrarios. |
| 250 ## - MENCION DE EDICION | |
| Mención de edición | Primera edición |
| 260 ## - PUBLICACION, DISTRIBUCION, ETC. (PIE DE IMPRENTA) | |
| Lugar de publicación, distribución, etc. | Bogotá (Colombia) : |
| Nombre del editor, distribuidor, etc. | Procuraduría General de la Nación : |
| -- | Instituto de Estudios del Ministerio Público, |
| Fecha de publicación, distribución, etc. | 2015. |
| 300 ## - DESCRIPCION FISICA | |
| Extensión | 137 páginas : |
| Otros detalles físicos | ilustraciones a color ; |
| Dimensiones | 24 x 16 cm. |
| 490 0# - MENCION DE SERIE | |
| Mención de serie | Informe preventivo ; |
| Designación numérica/secuencial del volumen | no. 062-2013 |
| 504 ## - NOTA DE BIBLIOGRAFIA, ETC. | |
| Nota de bibliografía | Incluye referencias bibliográficas: páginas 134-135. |
| 650 26 - ASIENTO SECUNDARIO DE MATERIA - TERMINO TEMATICO | |
| Término temático o nombre geográfico como elemento de entrada | Ordenación de aguas |
| Subdivisión geográfica | Nariño (Departamento, Colombia) |
| 9 (RLIN) | 77716 |
| 650 26 - ASIENTO SECUNDARIO DE MATERIA - TERMINO TEMATICO | |
| Término temático o nombre geográfico como elemento de entrada | Protección ambiental |
| 9 (RLIN) | 77717 |
| 650 26 - ASIENTO SECUNDARIO DE MATERIA - TERMINO TEMATICO | |
| Término temático o nombre geográfico como elemento de entrada | Lagos |
| Subdivisión general | Aspectos ambientales |
| Subdivisión geográfica | Nariño (Departamento, Colombia) |
| 9 (RLIN) | 77718 |
| 650 26 - ASIENTO SECUNDARIO DE MATERIA - TERMINO TEMATICO | |
| Término temático o nombre geográfico como elemento de entrada | Tierras húmedas |
| Subdivisión general | Aspectos ambientales |
| Subdivisión geográfica | Nariño (Departamento, Colombia) |
| 9 (RLIN) | 77719 |
| 651 #0 - ASIENTO SECUNDARIO DE MATERIA - NOMBRE GEOGRAFICO | |
| Nombre geográfico | Nariño (Departamento, Colombia) |
| Subdivisión general | Condiciones ambientales. |
| 9 (RLIN) | 77720 |
| 710 1# - ASIENTO SECUNDARIO - NOMBRE CORPORATIVO | |
| Nombre corporativo o de jurisdicción como elemento de entrada | Colombia |
| Unidad subordinada | Procuraduría Delegada para Asuntos Ambientales y Agrarios |
| 9 (RLIN) | 77721 |
| 942 ## - ELEMENTOS ADICIONALES (KOHA) | |
| Sistema de clasificación | Dewey Decimal Classification |
| Tipo de ítem | Libro |
| Withdrawn status | Lost status | Sistema de Clasificación | Damaged status | No para préstamo | Colección | Inventariado | Ubicación Permanente | Ubicación actual | Fecha de adquisición | Fuente de Valor | Valor | Total Checkouts | Número topográfico | Inventario / Código de Barras | Date last seen | Ejemplar | Price effective from | Forma de adquisición | Tipo de material |
|---|---|---|---|---|---|---|---|---|---|---|---|---|---|---|---|---|---|---|---|
| Dewey Decimal Classification | General | Inventariado 2017 | Bogotá | Bogotá | 12/12/2016 | Instituto | 39000.00 | LB-363.7 S45p | 040857 | 12/12/2016 | Ej. 1 | 12/12/2016 | Canje | Libro | |||||
| Dewey Decimal Classification | General | Inventariado 2018 | Sala Fabio Quevedo | Sala Fabio Quevedo | 16/07/2018 | Ursula Jaramillo | 39000.00 | LB-363.7 S45p | 035499 | 16/07/2018 | Ej, 2 | 16/07/2018 | Donación | Libro |